Les Lettres Grecques - Statistiques

Statistiques générales
  • Ce quiz a été pris 336 fois
  • Le résultat moyen est 18 sur 24
Statistiques - réponses
Hint Réponse % Correct
Alpha
99%
Beta
98%
Delta
96%
Gamma
93%
Omega
90%
Upsilon
87%
Epsilon
85%
Mu
81%
Nu
78%
Phi
76%
Lambda
74%
Pi
73%
Rho
72%
Eta
70%
Zeta
70%
Psi
68%
Theta
66%
Iota
65%
Sigma
63%
Omicron
62%
Kappa
60%
Tau
59%
Khi
47%
Ksi
39%
Aucun quiz correspondant
Distribution des résultats
% des personnes avec chaque résultat
Percentile par nombre de réponses
Votre historique - résultats
Vous n’avez pas pris ce quiz